000 00900nam a2200205Ia 4500
001 18812
003 GE_BSU
008 181216s||||||||xx |||||||||||||| ||und||
040 _cGE_BSU
245 _aაუდიტი,აღრიცხვა,ფინანსები. №4(196) 2016.
245 _bყოველთვიური ჟურნალი მეწარმეებისა და ფინანსისტებისათვის
245 _cგენ.დირ.ფრიდონ ალშიბაია,მთ.რედ.გიორგი ცერცვაძე.
260 _aთბილისი
260 _bშპს "ააფ-მენეჯმენტი
260 _c2016
300 _a52გვ;29სმ;
653 _aაუდიტი,აღრიცხვა,ფინანსები.
653 _aეკონომიკა
942 _cCR
999 _c51817
_d51817